Schaum's outline of theory and porblems of statistics (Record no. 7820)

000 -LEADER
fixed length control field 00583nam a22002177a 4500
001 - CONTROL NUMBER
control field 7820
003 - CONTROL NUMBER IDENTIFIER
control field BD-DhUET
008 - FIXED-LENGTH DATA ELEMENTS--GENERAL INFORMATION
fixed length control field 141213b xxu||||| |||| 00| 0 eng d
020 ## - INTERNATIONAL STANDARD BOOK NUMBER
International Standard Book Number 070602271
020 ## - INTERNATIONAL STANDARD BOOK NUMBER
International Standard Book Number 0070990085
040 ## - CATALOGING SOURCE
Transcribing agency 0
Modifying agency BD-DhUET
082 ## - DEWEY DECIMAL CLASSIFICATION NUMBER
Classification number 519.9
Item number SPI/1961
100 ## - MAIN ENTRY--PERSONAL NAME
Personal name Spiegel, Murray R.
245 ## - TITLE STATEMENT
Title Schaum's outline of theory and porblems of statistics
Statement of responsibility, etc. in SI units
250 ## - EDITION STATEMENT
Edition statement 1st ed.
260 ## - PUBLICATION, DISTRIBUTION, ETC. (IMPRINT)
Place of publication, distribution, etc. New York
Name of publisher, distributor, etc. McGraw-Hill
Date of publication, distribution, etc. 1961
300 ## - PHYSICAL DESCRIPTION
Extent vii, 359p.
Other physical details ill.
Dimensions 35 cm.
490 ## - SERIES STATEMENT
Series statement Schau's outline series
650 #0 - SUBJECT ADDED ENTRY--TOPICAL TERM
Topical term or geographic name as entry element Statistical mathematics
942 ## - ADDED ENTRY ELEMENTS (KOHA)
Koha item type General Book
Holdings
Shelving location Koha item type Koha normalized classification for sorting Source of classification or shelving scheme Lost status Sublocation or collection (holding branch) Date acquired Koha full call number Withdrawn status Koha date last seen Not for loan Price effective from Damaged status Piece designation (barcode) Location (home branch) Copy number
Circulation sectionGeneral Book519_900000000000000_SPI_1961  Central Library, BUET2014-12-13519.9/SPI/1961 2014-12-13 2014-12-13 31835Central Library, BUET1
Circulation sectionGeneral Book519_900000000000000_SPI_1961  Central Library, BUET2014-12-13519.9/SPI/1961 2014-12-13 2014-12-13 31855Central Library, BUET2
Circulation sectionGeneral Book519_900000000000000_SPI_1961  Central Library, BUET2014-12-13519.9/SPI/1961 2014-12-13 2014-12-13 31842Central Library, BUET3
Circulation sectionGeneral Book519_900000000000000_SPI_1961  Central Library, BUET2014-12-13519.9/SPI/1961 2014-12-13 2014-12-13 31824Central Library, BUET4
Circulation sectionGeneral Book519_900000000000000_SPI_1961  Central Library, BUET2014-12-13519.9/SPI/1961 2014-12-13 2014-12-13 31814Central Library, BUET5
Circulation sectionGeneral Book519_900000000000000_SPI_1961  Central Library, BUET2014-12-13519.9/SPI/1961 2014-12-13 2014-12-13 31841Central Library, BUET6
Circulation sectionGeneral Book519_900000000000000_SPI_1961  Central Library, BUET2014-12-13519.9/SPI/1961 2014-12-13 2014-12-13 31818Central Library, BUET7
Circulation sectionGeneral Book519_900000000000000_SPI_1961  Central Library, BUET2014-12-13519.9/SPI/1961 2014-12-13 2014-12-13 31861Central Library, BUET8
Circulation sectionGeneral Book519_900000000000000_SPI_1961  Central Library, BUET2014-12-13519.9/SPI/1961 2014-12-13 2014-12-13 31823Central Library, BUET9
Circulation sectionGeneral Book519_900000000000000_SPI_1961  Central Library, BUET2014-12-13519.9/SPI/1961 2014-12-13 2014-12-13 31862Central Library, BUET10
Circulation sectionGeneral Book519_900000000000000_SPI_1961  Central Library, BUET2014-12-13519.9/SPI/1961 2014-12-13 2014-12-13 31856Central Library, BUET11
Reading sectionReading Item519_900000000000000_SPI_1961  Central Library, BUET2015-07-09519.9/SPI/1961 2015-07-09 2015-07-09 31387Central Library, BUET12